书目信息 |
| 题名: |
辽阔的大陆架
|
|
| 作者: | 沃克 , 伍德 著 ;王中华 译 | |
| 分册: | ||
| 出版信息: | 上海 上海科学技术文献出版社 2006 |
|
| 页数: | 102页 | |
| 开本: | 23cm | |
| 丛书名: | 海洋生命丛书 | |
| 单 册: | ||
| 中图分类: | Q178.53 | |
| 科图分类: | ||
| 主题词: | 大陆架--海洋生物--普及读物 , 大陆架 , 海洋生物 | |
| 电子资源: | ||
| ISBN: | 7-5439-2872-8 | |
| 000 | 01302oam2 2200337 450 | |
| 001 | 003267080 | |
| 005 | 20070807161811.28 | |
| 010 | @a7-5439-2872-8@dCNY15.00 | |
| 035 | @a003267080 | |
| 100 | @a20060426d2006 em y0chiy0110 ea | |
| 101 | 1 | @achi@ceng |
| 102 | @aCN@b310000 | |
| 105 | @aa z 000yy | |
| 106 | @ar | |
| 200 | 1 | @a辽阔的大陆架@Aliao kuo de da lu jia@f(美)帕姆·沃克(Pam Walker),(美)伊莱恩·伍德(Elaine Wood)著@F( mei ) pa mu· wo ke (Pam Walker),( mei ) yi lai en· wu de (Elaine Wood) zhu@g王中华译@Gwang zhong hua yi |
| 210 | @a上海@c上海科学技术文献出版社@d2006 | |
| 215 | @a102页@c图@d23cm | |
| 225 | 2 | @a海洋生命丛书@Ahai yang sheng ming cong shu |
| 312 | @a封面英文题名:The continental shelf | |
| 330 | @a本书详细调查了海洋的物理特点和海洋中不同水域的生物。内容包括自然地貌,微生物和植物,海绵体动物、腔肠动物和蠕虫,鱼类,保护大陆架等。 | |
| 461 | 0 | @1001003295444@12001 @a海洋生命丛书 |
| 510 | 1 | @aContinental shelf@zeng |
| 606 | 0 | @a大陆架@x海洋生物@j普及读物 |
| 606 | 0 | @a大陆架 |
| 606 | 0 | @a海洋生物 |
| 690 | @aQ178.53@v4 | |
| 701 | 0 | @c(美)@a沃克@Awo ke@c(女,Walker, Pam)@4著 |
| 701 | 0 | @c(美)@a伍德@Awu de@c(女,Wood, Elaine)@4著 |
| 702 | 0 | @a王中华@Awang zhong hua@c(翻译)@4译 |
| 801 | 0 | @aCN@bNLC@c20070807 |
| 905 | @dQ178.53@e150@f5 | |
| 辽阔的大陆架/(美)帕姆·沃克(Pam Walker),(美)伊莱恩·伍德(Elaine Wood)著/王中华译.-上海:上海科学技术文献出版社,2006 |
| 102页:图;23cm.-(海洋生命丛书) |
| ISBN 7-5439-2872-8:CNY15.00 |
| 本书详细调查了海洋的物理特点和海洋中不同水域的生物。内容包括自然地貌,微生物和植物,海绵体动物、腔肠动物和蠕虫,鱼类,保护大陆架等。 |
| ● |
| 相关链接 |
|
|
|
|
正题名:辽阔的大陆架
索取号:Q178.53/150
 
预约/预借
| 序号 | 登录号 | 条形码 | 馆藏地/架位号 | 状态 | 备注 |
| 1 | 0853281 | 208532818 | 第二样本阅览室/ [索取号:Q178.53/150] | 在馆 | |
| 2 | 0853282 | 208532827 | 第三借阅区/ [索取号:Q178.53/150] | 在馆 | |
| 3 | 0853283 | 208532836 | 第三借阅区/ [索取号:Q178.53/150] | 在馆 | |
| 4 | 0853284 | 208532845 | 第三借阅区/ [索取号:Q178.53/150] | 在馆 | |
| 5 | 0853285 | 208532854 | 第三借阅区/ [索取号:Q178.53/150] | 在馆 |